[Event "BL9495 (Women)"]
[Site "Germany"]
[Date "1995.??.??"]
[Round "202"]
[White "Rubene, Ilze"]
[Black "Lewandowska, Katarzyna"]
[Result "1-0"]
[WhiteElo "2255"]
[BlackElo "2125"]

1.d4 d5 2.Nf3 c6 3.c4 e6 4.Qb3 Nf6 5.Nc3 Bd6 6.Bg5 Nbd7 7.e3 O-O 8.cxd5 exd5
9.Bd3 Re8 10.Qc2 Nf8 11.O-O-O Bg4 12.Kb1 Be7 13.h3 Bxf3 14.gxf3 Nh5 15.Bxe7 Qxe7
16.Rhg1 a5 17.f4 Nf6 18.Rg5 Ne6 19.Re5 Qb4 20.Rg1 Kh8 21.f5 Nf8 22.a3 Qd6
23.f4 N6d7 24.Qg2 Qh6 25.Ne2 Nxe5 26.fxe5 Nd7 27.Qg3 Nb6 28.Nf4 Rac8 29.h4 a4
30.e6 f6 31.Nh5 Re7 32.Qd6 Rce8 33.Nf4 Nc8 34.Qb4 Qxh4 35.Qd2 Nd6 36.Qg2 Kg8
37.Rh1 Qg5 38.Qh2 h6 39.Ng6 Rc7 40.Qxd6 Qxe3 41.Qxc7 Qxd3+ 42.Ka1 Qe4 43.Qf7+ Kh7
44.Nf8+  1-0

[Event "BL2-N9495"]
[Site "Germany"]
[Date "1995.??.??"]
[Round "?"]
[White "Vandrey, Wolfgang"]
[Black "Postler, Reinhard"]
[Result "1-0"]
[WhiteElo "2280"]
[BlackElo "2330"]

1.d4 Nf6 2.Nf3 d5 3.c4 c6 4.Qb3 e6 5.Nc3 Nbd7 6.Bg5 Be7 7.e3 O-O 8.Be2 dxc4
9.Qxc4 Nd5 10.Bxe7 Qxe7 11.O-O N5b6 12.Qb3 e5 13.e4 exd4 14.Nxd4 Nf6 15.Rfe1 c5
16.Nf5 Qe5 17.Bf3 Re8 18.Ne3 Be6 19.Qa3 Nc4 20.Nxc4 Bxc4 21.Red1 b6 22.Qa4 Be6
23.Rd2 g5 24.g3 a6 25.Rad1 Rec8 26.Nd5 Bxd5 27.exd5 Qd6 28.Re1 b5 29.Qc2 Re8
30.Rde2 Rxe2 31.Rxe2 Re8 32.Rxe8+ Nxe8 33.Qf5 Nc7 34.Qxg5+ Kf8 35.Qf5 Ke7
36.Qxh7 Nxd5 37.Qe4+  1-0

[Event "Landesliga N9495 Bayern"]
[Site "Germany"]
[Date "1995.??.??"]
[Round "3"]
[White "Meulner, Klaus"]
[Black "Reis, Gerhard"]
[Result "1/2-1/2"]
[WhiteElo "2120"]
[BlackElo "2175"]

1.d4 d5 2.Nf3 Nf6 3.c4 c6 4.Nc3 e6 5.Qb3 Qb6 6.e3 Nbd7 7.Bd2 Ne4 8.Nxe4 dxe4
9.Ng5 Qxb3 10.axb3 Nf6 11.f3 exf3 12.gxf3 h6 13.Ne4 Nxe4 14.fxe4 Be7 15.e5 O-O
16.Bg2 f6 17.exf6 Bxf6 18.Rf1  1/2-1/2

[Event "Platonov mem"]
[Site "Kiev"]
[Date "1995.??.??"]
[Round "5"]
[White "Mochalov, Evgeny V"]
[Black "Kruppa, Yuri"]
[Result "1/2-1/2"]
[WhiteElo "2470"]
[BlackElo "2570"]

1.d4 d5 2.c4 c6 3.Nf3 Nf6 4.Nc3 e6 5.Qb3 dxc4 6.Qxc4 b5 7.Qd3 Be7 8.g3 O-O
9.Bg2 Bb7 10.O-O Nbd7 11.Rd1 b4 12.Ne4 c5 13.Nxf6+ Nxf6 14.Bg5 Qb6 15.Bxf6 Bxf6
16.dxc5 Qxc5 17.Ng5 Qxg5 18.Bxb7 Rab8 19.Be4 Rfd8 20.Qc2 Rdc8 21.Qd3 Bxb2
22.Bxh7+ Kh8 23.Rab1 Bf6 24.Be4 Qa5 25.Qf3 Kg8 26.Rd7 Rd8 27.Rbd1 Qa4 28.Rxd8+ Rxd8
29.Rxd8+ Bxd8 30.Qb3  1/2-1/2

[Event "Lisboa Mestres-B"]
[Site "Lisboa"]
[Date "1995.??.??"]
[Round "6"]
[White "Carneiro, Carlos"]
[Black "Santos, Marco"]
[Result "1-0"]
[WhiteElo "2245"]
[BlackElo "2185"]

1.d4 d5 2.Nf3 Nf6 3.c4 c6 4.Nc3 e6 5.Bf4 dxc4 6.e3 b5 7.a4 Bb4 8.axb5 cxb5
9.Bxb8 Rxb8 10.Rxa7 Nd5 11.Qa1 Qb6 12.Ra2 Bb7 13.Ne5 O-O 14.Nd7 Qc6 15.Nxf8 Bxf8
16.Qc1 Nb6 17.f3 Rc8 18.Kf2 b4 19.Ne4 f5 20.Ng5 h6 21.Nh3 b3 22.Ra7 Bd6 23.Be2 Na4
24.Qa1 Ba6 25.Rc1 Bb8 26.Re7 Bb5 27.Nf4 Bxf4 28.exf4 Qd6 29.Rb7 Qxd4+ 30.Kg3 Bc6
31.Bxc4 Re8 32.Rxb3 g5 33.Rd3 gxf4+ 34.Kh3 Qg7 35.b3 Qg5 36.g3 Nc5 37.Bxe6+ Nxe6
38.Rxc6 fxg3 39.hxg3 f4 40.g4 h5 41.Qg1 h4 42.Qe1 Qg6 43.Qe4 Ng5+ 44.Kg2 Qxe4
45.fxe4 f3+ 46.Rxf3 Nxf3 47.Kxf3 Rb8 48.Rc3 Kg7 49.Kf4 Rh8 50.Kg5 h3 51.Rc7+ Kf8
52.Rc1 Ke7 53.Kf5 Rb8 54.Rc7+ Kd6 55.Rh7 Rxb3 56.e5+ Kd5 57.Rd7+ Kc6 58.Rd6+ Kc5
59.Rh6 Kd5 60.g5 Re3 61.Rd6+ Kc5 62.Rd2 Ra3 63.g6 Rg3 64.e6 h2 65.Rxh2 Kd6
66.Rd2+ Ke7 67.Rd7+ Ke8 68.g7 Rg1 69.Ra7 Rf1+ 70.Ke4 Re1+ 71.Kd3  1-0

[Event "Litomysl op"]
[Site "Litomysl"]
[Date "1995.??.??"]
[Round "5"]
[White "Priehoda, Vitezslav"]
[Black "Beil, Zdenek"]
[Result "1-0"]
[WhiteElo "2365"]
[BlackElo "2315"]

1.d4 d5 2.c4 c6 3.Nf3 Nf6 4.Qb3 e6 5.Nc3 Nbd7 6.Bg5 Be7 7.e3 O-O 8.Rc1 a6
9.Qc2 b5 10.c5 b4 11.Na4 a5 12.Bxf6 Bxf6 13.Bd3 g6 14.e4 Bg5 15.Nxg5 Qxg5
16.O-O Ba6 17.Bxa6 Rxa6 18.f4 Qd8 19.f5 Qh4 20.fxe6 fxe6 21.Rxf8+ Nxf8 22.Nb6 Ra7
23.Nc8 Rf7 24.Nd6 Rf4 25.g3 Qg5 26.Re1 Rf3 27.Qe2 dxe4 28.Nxe4 Qh5 29.Kg2 Rf7
30.Qxh5 gxh5 31.Nd6 Rg7 32.Kf3 Rg5 33.Nc4 Rd5 34.Re4 Ng6 35.Nxa5 e5 36.Nxc6 exd4
37.Rxd4 Rxc5 38.Nxb4 Ne5+ 39.Ke4 Ng4 40.Nd3 Ra5 41.h3 Nf6+ 42.Kf4 Rxa2 43.b4 Ra6
44.Ke5 Kg7 45.Rd6 Ra3 46.Rxf6 Rxd3 47.Rf4 Rxg3 48.h4 Rb3 49.Kd5 Rb1 50.Kc5 Rc1+
51.Rc4 Rd1 52.b5 Kf6 53.b6  1-0

[Event "Moscow5"]
[Site "Moscow"]
[Date "1995.??.??"]
[Round "5"]
[White "Nesterov, Jakov"]
[Black "Gorelov, Sergey G"]
[Result "1/2-1/2"]
[WhiteElo "2470"]
[BlackElo "2490"]

1.Nf3 Nf6 2.c4 e6 3.Nc3 d5 4.d4 c6 5.Qb3 dxc4 6.Qxc4 b5 7.Qd3 b4 8.Ne4 Nxe4
9.Qxe4 Bb7 10.g3 Qb6 11.Be3 Nd7 12.Bg2 c5 13.Qh4 Be7 14.dxc5 Bxc5 15.Bxc5 Nxc5
16.O-O  1/2-1/2

[Event "World op"]
[Site "Philadelphia"]
[Date "1995.??.??"]
[Round "7"]
[White "Shapiro, Daniel E"]
[Black "Kelleher, William"]
[Result "0-1"]
[WhiteElo "2270"]
[BlackElo "2345"]

1.d4 d5 2.c4 c6 3.Nf3 Nf6 4.Nc3 e6 5.Qb3 Bd6 6.Bg5 dxc4 7.Qxc4 Nbd7 8.g3 e5
9.Bg2 O-O 10.O-O exd4 11.Qxd4 Bc5 12.Qd3 Qe7 13.Na4 Bd6 14.Rad1 Bc7 15.Nd4 h6
16.Bf4 Bxf4 17.gxf4 Nb6 18.Nc3 Qb4 19.e4 Be6 20.Nc2 Qxb2 21.Rb1 Bc4 22.Qd2 Rad8
23.Nd5 Qxa2 24.Ra1 Qb3 25.Rfb1 Qd3 26.Nxf6+ gxf6 27.Qc1 Kh7 28.Rxa7 Rg8 29.Ne3 Rxg2+
30.Nxg2 Qxe4 31.f3 Qe2 32.Qe3 Rd1+ 33.Rxd1 Qxd1+ 34.Kf2 Qf1+ 35.Kg3 Nd5 36.Qe4+ Kg7
37.Rxb7 Nc3 38.Qe3 Ne2+ 39.Kh3 Be6+ 40.f5 Bxf5+ 41.Kh4 Qxg2  0-1

[Event "ROM-chT"]
[Site "ROM"]
[Date "1995.??.??"]
[Round "?"]
[White "Grunberg, Sergiu Henric"]
[Black "Pavlov, Mircea"]
[Result "1/2-1/2"]
[WhiteElo "2400"]
[BlackElo "2390"]

1.d4 Nf6 2.Nf3 d5 3.c4 e6 4.Nc3 c6 5.Qb3 Nbd7 6.g3 a5 7.cxd5 exd5 8.Bg2 Bb4
9.O-O O-O 10.Bg5 Re8 11.e3 h6 12.Bxf6  1/2-1/2

[Event "Verona op"]
[Site "Verona"]
[Date "1995.??.??"]
[Round "?"]
[White "Peric, Stevan"]
[Black "De Vita, Igor"]
[Result "1-0"]
[WhiteElo "2255"]
[BlackElo "2140"]

1.d4 Nf6 2.c4 e6 3.Nf3 d5 4.Nc3 c6 5.Qb3 Nbd7 6.g3 Bd6 7.Bg2 O-O 8.O-O Re8
9.Rd1 Qb6 10.c5 Qxb3 11.axb3 Bc7 12.b4 e5 13.e3 exd4 14.exd4 Nf8 15.b5 Bd7
16.bxc6 Bxc6 17.h3 Ne6 18.Be3 Rad8 19.Nd2 Nf8 20.Bg5 Re6 21.Nb3 h6 22.Bd2 N8h7
23.h4 Ne4 24.Bxe4 dxe4 25.Bf4 Bxf4 26.d5 Be5 27.dxe6 Rxd1+ 28.Rxd1 fxe6 29.Nd4 Bxd4
30.Rxd4 Nf6 31.Nb1 Kf7 32.Nd2 e5 33.Rc4 Ke6 34.Rc1 Ng4 35.Nf1 Bb5 36.Ne3 Nxe3
37.fxe3 Kf5 38.Rc2 Kg4 39.Kg2 g5 40.hxg5 hxg5 41.Kf2 Bd3  1-0

[Event "Zalakaros op"]
[Site "Zalakaros"]
[Date "1995.??.??"]
[Round "5"]
[White "Konopka, Michal"]
[Black "Kincs, Imre"]
[Result "1-0"]
[WhiteElo "2395"]
[BlackElo "2230"]

1.Nf3 Nf6 2.c4 c6 3.d4 d5 4.Qb3 e6 5.Nc3 Bd6 6.g3 Nbd7 7.Bg2 h6 8.O-O O-O
9.Re1 dxc4 10.Qxc4 e5 11.h3 Qe7 12.e4 a6 13.Be3 exd4 14.Bxd4 c5 15.e5 cxd4
16.exf6 Qd8 17.fxg7 Re8 18.Qxd4 Rxe1+ 19.Rxe1 Bc5 20.Qf4 Qf6 21.Qc4 Qxg7
22.Re8+ Bf8 23.Nd5  1-0

[Event "Zaragoza op-A"]
[Site "Zaragoza"]
[Date "1995.??.??"]
[Round "7"]
[White "Langeweg, Kick"]
[Black "Alvarez Ibarra, D Rafael"]
[Result "1/2-1/2"]
[WhiteElo "2385"]
[BlackElo "2440"]

1.d4 Nf6 2.Nf3 d5 3.c4 c6 4.Nc3 e6 5.Qb3 Be7 6.Bg5 Nbd7 7.e3 O-O 8.Be2 dxc4
9.Qxc4 Nd5 10.Bxe7 Qxe7 11.O-O N5b6 12.Qd3 e5 13.Bd1 exd4 14.exd4 Nf6 15.Re1 Qd6
16.Bc2 Nbd5 17.Nxd5 cxd5 18.Ne5 Be6 19.Re2 Rac8 20.Rae1 Rc7 21.f3 Rfc8 22.g4 Qb4
23.Bb3 Nd7 24.Nxd7  1/2-1/2

[Event "AUT-ch"]
[Site "AUT"]
[Date "1996.??.??"]
[Round "3"]
[White "Schweda, Roland"]
[Black "Pingitzer, Harald"]
[Result "1/2-1/2"]
[WhiteElo "2365"]
[BlackElo "2270"]

1.d4 d5 2.c4 c6 3.Nf3 Nf6 4.Nc3 e6 5.Qb3 Qb6 6.c5 Qxb3 7.axb3 Nbd7 8.b4 b5
9.Bf4 Be7 10.e3 Bb7 11.Bd3 O-O 12.O-O Bd8 13.Ra2 Re8 14.h3 a6 15.g4 h6 16.Ne5 Nxe5
17.Bxe5 Nd7 18.Bd6 Rc8 19.f4 Bc7 20.Bxc7 Rxc7 21.e4 dxe4 22.Bxe4 Nf6 23.Kf2 Rd7
24.Rd1 g5 25.fxg5 hxg5 26.Raa1 Kg7 27.Bg2 Red8 28.Ke3 Nd5+ 29.Bxd5 exd5 30.Kf2 Rh8
31.Rd3 Re7 32.Re1 Rxe1 33.Kxe1 Re8+ 34.Kf2 Bc8 35.Re3 Rxe3 36.Kxe3 f5 37.Kf3 fxg4+
38.hxg4 Kf6 39.Ne2 Bd7 40.Nc1 Be8 41.Nd3 Bg6 42.Ne5 Be8 43.Nd3  1/2-1/2

[Event "Bled op"]
[Site "Bled"]
[Date "1996.??.??"]
[Round "3"]
[White "Cepon, Dusan"]
[Black "Stojnic, Miodrag"]
[Result "0-1"]
[WhiteElo "2205"]
[BlackElo "2090"]

1.d4 d5 2.c4 c6 3.Nc3 Nf6 4.Nf3 e6 5.Bf4 dxc4 6.e4 b5 7.Qc2 Bb7 8.Be2 Qb6
9.O-O Nbd7 10.Rad1 Bb4 11.a3 Be7 12.h3 h6 13.Rb1 a6 14.b3 cxb3 15.Rxb3 Rc8
16.Qd2 c5 17.d5 c4 18.Rbb1 exd5 19.exd5 Bxa3 20.Nd4 Bd6 21.Nf5 Bxf4 22.Qxf4 Kf8
23.Bf3 Nc5 24.Qxc4 g6 25.Ne3 Kg7 26.Qb4 Nd3 27.Qb3 Ne5 28.Be2 Qd4 29.Na2 Bxd5
30.Nxd5 Qxd5 31.Qb2 Nc4 32.Bxc4 Qxc4 33.Nc1 Qc2 34.Qa1 Rc6 35.Nb3 Qc3 36.Qa2 Rhc8
37.Nd2 Qc2 38.Rb2 Qd3 39.Nf3 Rc1 40.Qxf7+ Kxf7 41.Ne5+ Ke6 42.Nxd3 Rxf1+
43.Kxf1 Nd5 44.Ra2 Rc6 45.Re2+ Kd6 46.Re8 Kc7 47.g4 b4 48.Re5 Kd6 49.Re8 Kc7
50.Re5 Rd6 51.h4 b3 52.Nb2 Nf4 53.Re3 Rc6 54.Kg1 Rb6 55.Kh2 Nd5 56.Re8 Rc6
57.Rg8 Rc2 58.Rg7+ Kc8 59.Rg8+ Kc7 60.Rg7+ Kb6 61.Rxg6+ Kb5 62.Nd3 Rd2 63.g5 hxg5
64.h5 Rxd3 65.h6 b2 66.h7 Rh3+  0-1

[Event "BL2-O9596"]
[Site "Germany"]
[Date "1996.??.??"]
[Round "?"]
[White "Konopka, Michal"]
[Black "Balzar, Andreas"]
[Result "1-0"]
[WhiteElo "2405"]
[BlackElo "2320"]

1.Nf3 d5 2.d4 Nf6 3.c4 c6 4.Qb3 e6 5.Nc3 dxc4 6.Qxc4 b5 7.Qb3 Nbd7 8.g3 b4
9.Na4 Ba6 10.Bd2 Qa5 11.a3 Rb8 12.Qd1 Qh5 13.axb4 Bxb4 14.Nc3 Rb6 15.Bg2 c5
16.O-O cxd4 17.Nxd4 Bc5 18.Nb3 Be7 19.Ra5 e5 20.h3 Bc4 21.Nc1 a6 22.Be3 Rb8
23.Qa4 Rb4 24.Qa1 O-O 25.Nd3 Bxd3 26.exd3 Rfb8 27.Rb1 Qf5 28.Ne4 Nxe4 29.dxe4 Qe6
30.Rxa6 Qb3 31.Ra3 Qc2 32.Ra8 h6 33.Rc1 Qxb2 34.Rxb8+ Rxb8 35.Rc8+ Kh7 36.Qxb2 Rxb2
37.Rc7 Rb1+ 38.Kh2 Rd1 39.Bf3 Rd3 40.Bg4  1-0

[Event "SWE-ch"]
[Site "Linkoping"]
[Date "1996.??.??"]
[Round "6"]
[White "Sjoberg, Mats"]
[Black "Ornstein, Axel"]
[Result "1/2-1/2"]
[WhiteElo "2445"]
[BlackElo "2440"]

1.d4 Nf6 2.c4 e6 3.Nf3 d5 4.Nc3 c6 5.Qb3 dxc4 6.Qxc4 b5 7.Qb3 b4 8.Na4 Nbd7
9.Bg5 Ba6 10.Rc1 Qa5 11.Bxf6 gxf6 12.e3 Bxf1 13.Rxf1 Rc8 14.Ke2 Rg8 15.g3 Bd6
16.Rc4 Nb6 17.Nxb6 axb6 18.Rfc1 Kd7 19.Qd3 Qxa2 20.Qxh7 Rgf8 21.d5 c5 22.dxe6+ Kxe6
23.Qe4+ Be5 24.Rd1 Rfd8 25.Rxd8 Rxd8 26.Rc2  1/2-1/2

[Event "St Petersburg-Paris"]
[Site "Paris"]
[Date "1996.??.??"]
[Round "8"]
[White "Lugovoi, Aleksei"]
[Black "Prie, Eric"]
[Result "1-0"]
[WhiteElo "2470"]
[BlackElo "2500"]

1.d4 d5 2.c4 c6 3.Nf3 Nf6 4.Nc3 e6 5.Qb3 dxc4 6.Qxc4 b5 7.Qd3 Be7 8.a3 Bb7
9.e4 h6 10.Be2 a5 11.e5 Nd5 12.O-O Nd7 13.Ne4 O-O 14.Ng3 Re8 15.Qe4 Bf8 16.h4 Qe7
17.Bd3 f5 18.exf6 N5xf6 19.Qe2 Qd6 20.Re1 b4 21.axb4 axb4 22.Rxa8 Bxa8 23.Bg6 Re7
24.Qa6 Qb8 25.Ne5 Nxe5 26.dxe5 Ra7 27.Qc4 Nd5 28.Qg4 Qc8 29.Bd3 Kf7 30.Ne4 c5
31.Qh5+ Kg8 32.Qg6 Bc6 33.Nf6+  1-0

[Event "Petrov mem"]
[Site "St Petersburg"]
[Date "1996.??.??"]
[Round "6"]
[White "Lugovoi, Aleksei"]
[Black "Rapoport, Igor"]
[Result "1-0"]
[WhiteElo "2470"]
[BlackElo "2260"]

1.d4 d5 2.c4 c6 3.Nc3 Nf6 4.Nf3 e6 5.Qb3 Nbd7 6.Bg5 Qb6 7.Qc2 Ne4 8.Bd2 Nxd2
9.Qxd2 Nf6 10.e3 Bb4 11.Bd3 dxc4 12.Bxc4 O-O 13.O-O c5 14.Qe2 cxd4 15.exd4 Bxc3
16.bxc3 Qa5 17.Rac1 b6 18.Ne5 Bb7 19.f4 g6 20.g4 Nd5 21.f5 exf5 22.gxf5 Rae8
23.fxg6 hxg6 24.Qg4 Rxe5 25.dxe5 Qc5+ 26.Rf2 Ne7 27.Qf4 Nf5 28.Rd1 b5 29.Bb3 Re8
30.e6 f6 31.Rd8 Kg7 32.Rxe8 Qc6 33.Bd5 Qxd5 34.Qc7+ Kh6 35.Rh8+  1-0

[Event "Jacques Lemans op16"]
[Site "St Veit"]
[Date "1996.??.??"]
[Round "7"]
[White "Kievelitz, Bernd"]
[Black "Lang, Karl"]
[Result "1/2-1/2"]
[WhiteElo "2125"]
[BlackElo "1982"]

1.Nf3 d5 2.d4 Nf6 3.c4 e6 4.Nc3 c6 5.Qb3 Nbd7 6.g3 Be7 7.Bg2 O-O 8.O-O b6
9.cxd5 cxd5 10.Bg5 h6 11.Bxf6 Nxf6 12.Ne5 Bb7 13.Rac1 Ne4 14.Rfd1 Nd6 15.Nb5 Nxb5
16.Qxb5 Bd6 17.Nc6 Qd7 18.Nxa7 Qxb5 19.Nxb5 Bb8 20.Nc3 Rc8 21.e3 g5 22.Bf1 Kg7
23.Bb5 Bd6 24.Na4 Ra5 25.Rxc8 Bxc8 26.Nxb6 Ba6 27.Bxa6 Rxa6 28.Nc8 Bb8 29.Rc1 Rxa2
30.Rc2 h5 31.Kg2 Kf6 32.Nb6 Ke7 33.f3 f5 34.e4 fxe4 35.fxe4 Ra6 36.Rc6 Ra2
37.Rc2 Ra6  1/2-1/2

[Event "Rilton Cup 96/97"]
[Site "Stockholm"]
[Date "1996.??.??"]
[Round "3"]
[White "Sjoberg, Mats"]
[Black "Tisdall, Jonathan D"]
[Result "1/2-1/2"]
[WhiteElo "2430"]
[BlackElo "2515"]

1.d4 Nf6 2.c4 e6 3.Nf3 d5 4.Nc3 c6 5.Qb3 dxc4 6.Qxc4 b5 7.Qb3 Nbd7 8.Bg5 a5
9.a3 b4 10.axb4 Bxb4 11.e3 O-O 12.Be2 c5 13.O-O cxd4 14.Nxd4 Nc5 15.Qc2 Bb7
16.f3 Rc8 17.Rfd1 Qb6 18.Bxf6 gxf6 19.Bf1 Rfd8 20.Qf2 Nd7 21.Na4 Qc7 22.Nb5 Qc5
23.Rd4 Nf8 24.Nb6 Rb8 25.f4 Qh5 26.Be2  1/2-1/2

[Event "CRO-chT"]
[Site "Tucepi"]
[Date "1996.??.??"]
[Round "?"]
[White "Muse, Drazen"]
[Black "Doric, Nenad"]
[Result "0-1"]
[WhiteElo "2335"]
[BlackElo "2320"]

1.Nf3 Nf6 2.d4 e6 3.c4 d5 4.Nc3 c6 5.Qb3 dxc4 6.Qxc4 b5 7.Qb3 Nbd7 8.e4 b4
9.Na4 Bb7 10.Bd3 a6 11.Be3 Qa5 12.Rc1 Rc8 13.O-O c5 14.dxc5 Bxc5 15.a3 Bxe3
16.Rxc8+ Bxc8 17.axb4 Bxf2+ 18.Rxf2 Qc7 19.Qc3 Qxc3 20.bxc3 Bb7 21.Re2 Ke7
22.c4 Rb8 23.Nc3 Ba8 24.b5 Nc5 25.Bc2 Nfd7 26.bxa6 Nxa6 27.Ba4 Nac5 28.Bb5 Bb7
29.Nd4 Ra8 30.Nc2 Ne5 31.h3 Rd8 32.Nb4 Rd4 33.Ra2 Bxe4 34.Ra7+ Kf6 35.Nxe4+ Nxe4
36.Rc7 Rd1+ 37.Kh2 Rd2 38.Kg1 Nd6 39.Rc5 Rd1+ 40.Kh2 Rd2 41.Kg1 Nf5 42.Bc6 Ne3
43.Be4 h5 44.Nc6 N3xc4 45.Nxe5 Nxe5 46.Rc1 Kg5 47.Re1 Ng6 48.g3 h4 49.Bxg6 Kxg6
50.gxh4 Rd4 51.Kf2 Rxh4 52.Kg3 Rb4 53.Re3  0-1

[Event "AUT-chT9697"]
[Site "Vorarlberg"]
[Date "1996.??.??"]
[Round "?"]
[White "Eiler, Gebhard"]
[Black "Schmidlechner, Alexander"]
[Result "0-1"]
[WhiteElo "2080"]
[BlackElo "2190"]

1.d4 d5 2.Nf3 Nf6 3.c4 c6 4.Qb3 e6 5.Nc3 Nbd7 6.e3 Bd6 7.Bd2 O-O 8.Bd3 Bc7
9.Rc1 Nb6 10.c5 Nbd7 11.Bb1 e5 12.Nxe5 Nxe5 13.dxe5 Bxe5 14.f4 Bc7 15.O-O d4
16.Nd1 Re8 17.exd4 Qxd4+ 18.Be3 Qd5 19.Qxd5 Nxd5 20.Bd2 Re2 21.Rf2 Rxf2 22.Kxf2 Nxf4
23.Ne3 Be6 24.g3 Rd8 25.Rc2 Nd3+ 26.Ke2 Ne5 27.Rc3 Ba5  0-1

[Event "ISR-chT"]
[Site "Israel"]
[Date "1997.05.02"]
[Round "10"]
[White "Alenkin, A."]
[Black "Tyomkin, Dimitri"]
[Result "1/2-1/2"]
[WhiteElo "2420"]
[BlackElo "2450"]

1.d4 d5 2.Nf3 c6 3.c4 e6 4.Qb3 Nf6 5.Nc3 Nbd7 6.g3 Be7 7.Bg2 O-O 8.O-O Nb6
9.c5 Nbd7 10.Bf4 b6 11.cxb6 axb6 12.Rfe1 b5 13.a3 Nb6 14.Ne5 Bb7 15.e4 Nfd7
16.Nxd7 Qxd7 17.exd5 exd5 18.Na2 Nc4 19.Nb4 Rfe8 20.Nd3 Bf8 21.Ne5 Nxe5 22.Bxe5 Ra4
23.Qd3 Ba6 24.b4 Bb7 25.Bf3 Rea8 26.Bd1 R4a7 27.Bc2 g6 28.Qf3 Bg7 29.Bxg7 Kxg7
30.Re3 Qd6 31.Rae1  1/2-1/2

[Event "RUS-Cup7"]
[Site "Kstovo"]
[Date "1997.05.05"]
[Round "5"]
[White "Kharlov, Andrei"]
[Black "Beshukov, Sergei"]
[Result "1/2-1/2"]
[WhiteElo "2555"]
[BlackElo "2435"]

1.d4 d5 2.c4 c6 3.Nf3 e6 4.Qb3 Nf6 5.Nc3 dxc4 6.Qxc4 b5 7.Qb3 Nbd7 8.Bg5 h6
9.Bxf6 Qxf6 10.e3 a6 11.a4 b4 12.Ne4 Qd8 13.Bc4 Be7 14.Ne5 Nxe5 15.dxe5 Qc7
16.f4 c5 17.O-O-O O-O 18.Nd6 Rd8 19.Qd3 Bxd6 20.exd6 Qc6 21.g4 Qxa4 22.g5 Qa1+
23.Kc2 Qa4+ 24.Kb1 Bb7 25.b3 Qc6 26.Rhg1 Qe4 27.Qxe4 Bxe4+ 28.Kb2 Rab8 29.gxh6 g6
30.Bd3 Bf3 31.Rdf1 Rxd6 32.Bxg6 fxg6 33.Rxf3 Kh7 34.Rg2 Rbd8 35.Rc2 Rd2 36.e4 Rxc2+
37.Kxc2 Rd4 38.f5 gxf5 39.exf5 exf5 40.Rxf5 c4  1/2-1/2

[Event "RUS-ch m1-2"]
[Site "Elista"]
[Date "1997.05.20"]
[Round "1.2"]
[White "Lugovoi, Aleksei"]
[Black "Makarov, Marat"]
[Result "1/2-1/2"]
[WhiteElo "2510"]
[BlackElo "2545"]

1.d4 d5 2.c4 c6 3.Nf3 Nf6 4.Nc3 e6 5.Qb3 Nbd7 6.Bg5 Be7 7.e3 O-O 8.Rd1 b6
9.Be2 Bb7 10.O-O Ne4 11.Bxe7 Qxe7 12.cxd5 exd5 13.Nxe4 dxe4 14.Nd2 Nf6 15.Qc2  1/2-1/2

[Event "Komercni Banka op"]
[Site "Pardubice"]
[Date "1997.07.18"]
[Round "2"]
[White "Lugovoi, Aleksei"]
[Black "Kozlov, Oleg"]
[Result "1/2-1/2"]
[WhiteElo "2520"]
[BlackElo "2380"]

1.d4 d5 2.c4 e6 3.Nf3 Nf6 4.Nc3 c6 5.Qb3 Be7 6.Bg5 Nbd7 7.e3 O-O 8.Bd3 a6
9.cxd5 cxd5 10.O-O b5 11.a4 b4 12.Ne2 a5 13.Rfc1 Bb7 14.Bb5 Bd6 15.Bc6 Qb6
16.Bxb7 Qxb7 17.Bxf6 Nxf6 18.Qd3 Ne4 19.g3 h6 20.Rc2 b3 21.Rcc1 Rab8 22.Nd2 Nxd2
23.Qxd2 Qa6 24.Nc3 Bb4 25.Qd1 Bxc3 26.Rxc3 Rfc8 27.Rxb3 Rxb3 28.Qxb3 Qe2
29.Qb7 Rc2 30.Rf1 Qd2 31.b3 g5 32.Qb8+ Kg7 33.h4 Qe2 34.hxg5 hxg5 35.Qe8 Qh5
36.Re1 g4 37.Qa8 Qf5 38.Rf1 Qf3 39.Qb8 Kg6 40.Qg8+ Kf6 41.Qb8 Kg6 42.b4 axb4
43.a5 Ra2 44.Qxb4 Qe2 45.Qb6 Kg7 46.Qd8 Qf3 47.Qc7 Qe2 48.Qe5+ Kg6 49.Qb8 Kg7
50.Qf4 Rxa5 51.Kg2 Qf3+ 52.Qxf3 gxf3+ 53.Kxf3 Kg6 54.Kf4 Ra2 55.g4 Kf6 56.f3 Ra3
57.Rb1 Rd3 58.Rb7 Kg6 59.Rb1 Kf6 60.Rb8 Kg7 61.Rd8 Kg6 62.Rh8 Kg7 63.Rh1 Kg6
64.g5 Kg7 65.Rg1 Kg6 66.Re1 Ra3 67.Kg4 Rb3 68.f4 f6 69.Kf3 Kf5 70.Rg1 Rb7
71.gxf6 Kxf6 72.Rg5 Rb8 73.Re5 Rd8 74.Ke2 Rd6 75.Kd3 Rd8 76.Kc3 Rc8+ 77.Kb4 Rc6
78.f5 exf5 79.Rxd5  1/2-1/2

[Event "Komercni Banka op"]
[Site "Pardubice"]
[Date "1997.07.22"]
[Round "6"]
[White "Lugovoi, Aleksei"]
[Black "Chernikov, Oleg L"]
[Result "1-0"]
[WhiteElo "2520"]
[BlackElo "2385"]

1.d4 d5 2.c4 c6 3.Nf3 Nf6 4.Nc3 e6 5.Qb3 Nbd7 6.Bg5 a5 7.cxd5 exd5 8.e3 Be7
9.Bd3 O-O 10.O-O Re8 11.Rfe1 Ne4 12.Bf4 f5 13.Ne5 Nxe5 14.Bxe5 Bd6 15.f4 Bxe5
16.fxe5 Kh8 17.Re2 Qe7 18.Na4 Be6 19.Rc1 Qb4 20.Qc2 Bf7 21.Rf1 Bh5 22.Ree1 Bg6
23.Rc1 Qe7 24.Bxe4 fxe4 25.Qc5 Qxc5 26.Nxc5 Re7 27.Rc3 Kg8 28.Rb3 b5 29.Rc3 Be8
30.Rc2 Rf7 31.Rxf7 Kxf7 32.Rc3 Ke7 33.Kf2 Bd7 34.Ke1 Kd8 35.Rc2 Ra7 36.h3 Ke7
37.Rc3 Kd8 38.Rc2 Ke7 39.Rf2 Bc8 40.Rf4 Ra8 41.g4 Rb8 42.Kf2 Be6 43.Kg3 h6
44.Rf1 Bc8 45.h4 Be6 46.h5 Bf7 47.Kh4 Be6 48.Rf2 Bf7 49.Rc2 Rf8 50.Rf2 Rb8
51.Rg2 Rg8 52.Rg1 Be8 53.Rf1 Bf7 54.Nb7 a4 55.Nd6 Be6 56.Nf5+ Bxf5 57.gxf5 b4
58.Rc1 Rf8 59.Kg4 Kd7 60.Kf4 Kc7  1-0

[Event "RUS-Cup01 Chigorin mem"]
[Site "St Petersburg"]
[Date "1997.11.05"]
[Round "5"]
[White "Osnos, Viatcheslav"]
[Black "Yagupov, Igor"]
[Result "1/2-1/2"]
[WhiteElo "2440"]
[BlackElo "2415"]

1.d4 d5 2.c4 c6 3.Nf3 Nf6 4.Nc3 e6 5.Qb3 dxc4 6.Qxc4 b5 7.Qb3 b4 8.Na4 Nbd7
9.Qc2 Qa5 10.Qxc6 Rb8 11.b3 Qf5 12.e3 Bb7 13.Qb5 Bd5 14.Qa5 Bd6 15.Bc4 Ke7
16.Bxd5 Rhc8 17.Bb2 Nxd5 18.Qa6 Rc2 19.O-O Nc7 20.Qxa7 Ra8 21.Qb7 Rb8 22.Qa7 Ra8
23.Qb7 Rb8  1/2-1/2

[Event "Viking op"]
[Site "Aaland-Stockholm"]
[Date "1997.??.??"]
[Round "?"]
[White "Dzevlan, Miralem"]
[Black "Samuelsson, Sven Gunnar"]
[Result "1-0"]
[WhiteElo "2420"]
[BlackElo "2250"]

1.d4 e6 2.c4 d5 3.Nf3 Nf6 4.Nc3 c6 5.Qb3 Nbd7 6.Bf4 Be7 7.h3 O-O 8.e3 b6
9.cxd5 exd5 10.Be2 Bb7 11.O-O Kh8 12.Rad1 Nh5 13.Bh2 f5 14.Qc2 g6 15.Ne5 Ng7
16.a3 Nxe5 17.Bxe5 Bf6 18.f4 Qe7 19.b4 Rfc8 20.Qb3 b5 21.a4 a6 22.Bf3 Rf8
23.Ra1 Bxe5 24.dxe5 Ne6 25.Ne2 g5 26.Nd4 Nxd4 27.exd4 Rg8 28.fxg5 Qxg5 29.axb5 axb5
30.Qc3 Qg3 31.Rxa8 Rxa8 32.Qc5 Qg5 33.Kh1 Kg7 34.Bxd5 cxd5 35.Qc7+ Kh6 36.Qxb7 Rd8
37.Qxb5  1-0

[Event "AUT-chT2W 9798"]
[Site "Austria"]
[Date "1997.??.??"]
[Round "7"]
[White "Amann, Harald"]
[Black "Kranewitter, Norbert"]
[Result "1/2-1/2"]
[WhiteElo "2040"]
[BlackElo "2250"]

1.Nf3 d5 2.d4 c6 3.c4 Nf6 4.Nc3 e6 5.Bf4 Nbd7 6.e3 Bb4 7.a3 Be7 8.c5 Nh5
9.Bd3 Nxf4 10.exf4 Bf6 11.Qd2 b6 12.b4 a5 13.O-O O-O 14.Rfb1 axb4 15.axb4 Rxa1
16.Rxa1 bxc5 17.bxc5 Qc7 18.Ra3 Bb7 19.Na2 Ra8 20.Rxa8+ Bxa8 21.Qc2 Qxf4
22.Qa4 Qb8 23.Nb4 e5 24.Nxc6 Bxc6 25.Qxc6 e4 26.Bb5 Nf8 27.Qb6 Qf4 28.c6 exf3
29.c7 Bxd4 30.Qxd4 Qxd4 31.c8=Q fxg2 32.Kxg2 Qe4+ 33.f3 Qg6+ 34.Kh3 Qe6+
35.Qxe6 fxe6 36.Kg4 Kf7 37.f4 Ke7 38.h4 Kd6 39.h5 Kc5 40.Be8 Kd4 41.Kf3 Kc5
42.Ke3 Kd6 43.Kd4 Nd7 44.h6 gxh6 45.Bh5 Nf8 46.Bf7 Ke7 47.Bh5 Ng6 48.Ke3 Kd6
49.Bg4 Ne7 50.Bh5 Nf5+ 51.Kf3 Ng7 52.Bf7 Ke7 53.Bg8 Kf6 54.Bxh7 Nf5 55.Kg4 Kg7
56.Bxf5 exf5+ 57.Kxf5 h5 58.Ke6 d4 59.Ke7 Kg6 60.Ke6 d3 61.f5+ Kg5 62.f6 d2
63.f7 d1=Q 64.f8=Q Qg4+ 65.Ke5 Qe2+ 66.Kd5 Kg4 67.Qg8+ Kh3 68.Qc8+ Qg4 69.Qc3+ Qg3
70.Qc1 Kh2 71.Ke6 h4 72.Kd7 h3 73.Qd2+ Kg1 74.Qd1+ Kf2 75.Qd2+ Kf1 76.Qd1+ Kg2
77.Qd2+ Qf2 78.Qd5+ Qf3 79.Qd2+ Kg3 80.Qd6+ Kg4 81.Qg6+ Kh4 82.Qh6+ Qh5 83.Qf6+ Qg5
84.Qh8+ Kg4 85.Qd4+ Kh5 86.Qh8+ Qh6 87.Qe5+ Kg6 88.Qd6+ Kg7 89.Qg3+ Kh7 90.Qd3+ Kh8
91.Kc8 h2 92.Qc3+ Kh7 93.Qc7+ Kg6 94.Qd6+ Kg5 95.Qg3+ Kf6  1/2-1/2

[Event "Oberliga Bayern9697"]
[Site "Bayern"]
[Date "1997.??.??"]
[Round "?"]
[White "Jirovsky, Milos"]
[Black "Wach, Markus"]
[Result "1-0"]
[WhiteElo "2445"]
[BlackElo "2390"]

1.Nf3 d5 2.c4 c6 3.Qb3 Nf6 4.d4 e6 5.Nc3 dxc4 6.Qxc4 b5 7.Qb3 Nbd7 8.Bf4 Be7
9.e3 Bb7 10.Be2 a6 11.O-O c5 12.Rfd1 Qc8 13.Ne5 O-O 14.Rac1 Nxe5 15.Bxe5 Rd8
16.a3 Rd7 17.dxc5 Qxc5 18.Bxf6 Rxd1+ 19.Nxd1 Qxc1 20.Bxe7 Bd5 21.Qc3 Rc8
22.Qxc1 Rxc1 23.Kf1 Bb3 24.Ke1 Rb1 25.Kd2 Bxd1 26.Bxd1 Rxb2+ 27.Bc2 Ra2 28.Kc1  1-0